| 000 | 00620nam a2200205 u 4500 | ||
|---|---|---|---|
| 005 | 20220521063723.0 | ||
| 008 | 100903s2008 es r 000 0 spa d | ||
| 020 | _a9788446024415 | ||
| 035 | _aUPN01000177667 | ||
| 049 | _aCG | ||
| 050 | 4 |
_aPQ6253 _bC8.3 |
|
| 245 | 0 | 0 |
_aCuentos españoles del siglo XVIII / _ced. Borja Rodríguez Gutiérrez. |
| 260 |
_aMadrid : _bAkal, _cc2008. |
||
| 300 |
_a310 p. : _bil. |
||
| 440 | 0 |
_aAkal. _pLiteraturas ; _v37 |
|
| 650 | 4 |
_aLITERATURA ESPAÑOLA - _ySIGLO XVIII _916629 |
|
| 650 | 0 |
_aCuentos españoles _912796 |
|
| 700 | 1 |
_aRodríguez Gutiérrez, Borja, _eed. |
|
| 905 | _aLibro | ||
| 999 |
_c149770 _d149770 |
||